LEADER 00655oam 2200205z- 450 001 9910135078803321 010 $a1-4673-6971-3 035 $a(CKB)3780000000082314 035 $a(EXLCZ)993780000000082314 100 $a20220628c2015uuuu -u- - 101 0 $aeng 200 00$aAutonomic Computing (ICAC), 2015 IEEE International Conference on 210 $cIEEE 311 $a1-4673-6972-1 517 $a2015 IEEE International Conference on Autonomic Computing 517 $aAutonomic Computing 906 $aPROCEEDING 912 $a9910135078803321 996 $aAutonomic Computing (ICAC), 2015 IEEE International Conference on$92497471 997 $aUNINA LEADER 01156nam a2200313 i 4500 001 991000591389707536 008 100211s2009 enka b 001 0 eng d 020 $a9780521517683 020 $a9780521732017 035 $ab13880937-39ule_inst 040 $aDip.to Matematica$beng 082 04$a515.94$222 084 $aAMS 42-02 084 $aAMS 42B30 084 $aLC QA331.M4175 100 1 $aMashreghi, Javad$0472603 245 10$aRepresentation theorems in Hardy spaces /$cJavad Mashreghi 260 $aCambridge, UK ;$aNew York :$bCambridge University Press,$c2009 300 $axii, 372 p. :$bill. ;$c24 cm 440 0$aLondon Mathematical Society student texts ;$v74 504 $aIncludes bibliographical references (p. 367-368) and index 650 0$aHardy spaces 650 0$aAnalytic functions 907 $a.b13880937$b28-01-14$c11-02-10 912 $a991000591389707536 945 $aLE013 42-XX MAS11 (2009)$g1$i2013000212258$lle013$op$pE68.59$q-$rl$s- $t0$u0$v0$w0$x0$y.i15093566$z19-03-10 996 $aRepresentation theorems in Hardy spaces$9225414 997 $aUNISALENTO 998 $ale013$b11-02-10$cm$da $e-$feng$genk$h0$i0